000 00618nam a2200217 i 4500
001 67605
003 ES-MaACL
005 20230906170119.0
007 t|
008 040607s1995 sp ||||0| spa d
020 _a84-8213-018-8
080 _a914.7(082.2)
080 _a860-992"18/19"
100 1 _aSanz Guitián, Pablo.
_9103647
245 1 0 _aViajeros españoles en Rusia /
_cPablo Sanz Guitián.
260 _aMadrid :
_bCompañía Literaria,
_c1995.
300 _a473 p. :
_bil. ;
_c22 cm.
650 4 _aEspañoles-
_zRusia.
_9172055
651 4 _aRusia-
_xDescripción.
_99329
852 _aES-MaACL
_jL-27838
999 _c67605
_d67605